000 00999nam2a2200253 4500
001 RU\NLR\bibl\440541
005 20250623174852.0
010 _a5-88898-136-2
_9250
021 _aRU
_b2003-47118
_92267
035 _a(NLR Aleph) 000434303
090 _a774018
_c774018
100 _a20030926d2002 |||y0rusy50 ca
101 0 _arus
102 _aRU
105 _aa |||||||||
200 0 _aКн. 5
210 _d2002
_aБ. м.
215 _a359 с.
_cил.
461 0 _1001RU\NLR\bibl\452877
_12001#$aСборник нормативных документов для работников газокомпрессорной службы$vКн. 5
_9846792
_cМ.
_d2002
_fОАО "Газпром", ООО "Мострансгаз"
_nБ.и.
_tСборник нормативных документов для работников газокомпрессорной службы
_vКн. 5
801 0 _aRU
_bNLR
_c20030926
_gPSBO
801 1 _aRU
_bNLR
_c20030926
942 _cBOOK
980 _aNB